| 000 | 01200nam a2200301 i 4500 | ||
|---|---|---|---|
| 001 | 000049133 | ||
| 003 | DO-SdBNP | ||
| 005 | 20240316073920.0 | ||
| 007 | ta | ||
| 008 | 190722s2003 dr 000 0 spa d | ||
| 040 |
_aDO-SdBNP _bspa _cBNPHU _erda |
||
| 082 | 4 |
_a370.97293 _bP644h _222 |
|
| 100 | 1 |
_aPimentel, Francisco Antonio, _976486 _eautor |
|
| 245 | 1 | 0 |
_aHistoria de la educación en la República Dominicana / _cFrancisco Antonio Pimentel ; corrección, Andrés Blanco Díaz. |
| 264 |
_aSanto Domingo : _bSecretaría de Relaciones Exteriores, _c2003. |
||
| 300 |
_avolumen ; _c25 cm. |
||
| 336 |
_2rdacontent _atexto _btxt |
||
| 337 |
_2rdamedia _asin mediación _bn |
||
| 338 |
_2rdacarrier _avolumen _bnc |
||
| 500 | _aIncluye referencias bibliográficas y notas al pie de las páginas | ||
| 504 | _aBibliografía : p. 453-459 | ||
| 505 | 0 |
_aCapitulo VII. _tLa educación dominicana desde la caída de Trujillo hasta nuestros días -- _gCapitulo VIII. _tAnexos. |
|
| 590 | _aInventariado, 2019/VM | ||
| 650 | 4 |
_aEducación _zRepública Dominicana _xHistoria _913100 |
|
| 700 | 1 |
_aBlanco Díaz, Andrés _ecorrección _9172 |
|
| 910 | _aValidado. Control de calidad MFF | ||
| 942 |
_2ddc _cLBS1 |
||
| 999 |
_c48621 _d48621 |
||